Statistics for Bambi Characters Quiz

Click here to take the quiz!

General Stats

  • This quiz has been taken 138 times
    (135 since last reset)
  • The average score is 5 of 8

Answer Stats

DescriptionCharacter% Correct
A young deer with really long legsBambi
97%
A rabbit who likes to tap his foot on a logThumper
91%
A skunk who likes flowersFlower
88%
A female deer whom Bambi eventually falls in love withFaline
67%
The thing that shot and killed Bambi's motherMan
66%
The deer who gave birth to BambiBambi's Mother
35%
The owl friendOwl
32%
Bambi's fatherGreat Prince of the Forest
27%

Score Distribution

Percentile by Number Answered

Percent of People with Each Score

Your Score History

You have not taken this quiz since the last reset